Birds of the world / (Record no. 67812)
[ view plain ]
| 000 -LEADER | |
|---|---|
| fixed length control field | 00888nam a2200289 a 4500 |
| 001 - CONTROL NUMBER | |
| control field | 67812 |
| 003 - CONTROL NUMBER IDENTIFIER | |
| rucl marc code | BD-RjUL |
| 005 - DATE AND TIME OF LATEST TRANSACTION | |
| control field | 20211209081709.0 |
| 008 - FIXED-LENGTH DATA ELEMENTS--GENERAL INFORMATION | |
| fixed length control field | 170329r20001993enkab 001 0 eng |
| 020 ## - INTERNATIONAL STANDARD BOOK NUMBER | |
| International Standard Book Number | 9780751327861 |
| 035 ## - SYSTEM CONTROL NUMBER | |
| System control number | (BD-RjUL)68021 |
| 040 ## - CATALOGING SOURCE | |
| Original cataloging agency | BD-RjUL |
| Language of cataloging | eng |
| Transcribing agency | BD-RjUL |
| 041 ## - LANGUAGE CODE | |
| Language code of text/sound track or separate title | eng |
| 082 ## - DEWEY DECIMAL CLASSIFICATION NUMBER | |
| Edition number | 23 |
| Classification number | 598 |
| Author mark and year | HAB 2000 |
| 100 1# - MAIN ENTRY--PERSONAL NAME | |
| Personal name | Harrison, Colin |
| 9 (RLIN) | 201023 |
| 245 10 - TITLE STATEMENT | |
| Title | Birds of the world / |
| Statement of responsibility, etc. | Colin Harrison and Alan Greensmith, K.E.L. Simmons editorial consultant |
| 260 ## - PUBLICATION, DISTRIBUTION, ETC. (IMPRINT) | |
| Place of publication, distribution, etc. | London : |
| Name of publisher, distributor, etc. | Dorling Kindersley, |
| Date of publication, distribution, etc. | 1993, [reprinted 2000] |
| 300 ## - PHYSICAL DESCRIPTION | |
| Pagination | 416 p : |
| Illustrations | ill. ; |
| Size | 22 cm. |
| 490 1# - SERIES STATEMENT | |
| Series statement | Eyewitness handbooks |
| 504 ## - BIBLIOGRAPHY, ETC. NOTE | |
| Bibliography, etc | Includes index |
| 650 #0 - SUBJECT ADDED ENTRY--TOPICAL TERM | |
| Topical term or geographic name as entry element | Birds. |
| 9 (RLIN) | 201024 |
| Topical term or geographic name as entry element | Birds |
| Form subdivision | Identification. |
| 9 (RLIN) | 201025 |
| 700 1# - ADDED ENTRY--PERSONAL NAME | |
| Personal name | Greensmith, Alan. |
| Personal name | Simmons, K. E. L. |
| 830 #0 - SERIES ADDED ENTRY--UNIFORM TITLE | |
| Uniform title | Eyewitness handbooks |
| 942 ## - ADDED ENTRY ELEMENTS (KOHA) | |
| Source of classification or shelving scheme | Dewey Decimal Classification |
| Koha item type | Books |
| Lost status | Source of classification or shelving scheme | Damaged status | Not for loan | Collection code | Permanent Location | Current Location | Shelving location | Date acquired | Source of acquisition | Cost, normal purchase price | Total Checkouts | Full call number | Date last seen | Copy number | Koha item type |
|---|---|---|---|---|---|---|---|---|---|---|---|---|---|---|---|
| Dewey Decimal Classification | Not For Loan | Non-fiction | Central Library, University of Rajshahi | Central Library, University of Rajshahi | Reading Room | 17/03/2009 | Paragogn Enterprise, Dhaka | 12.99 | 598 HAB 2000 | 29/03/2017 | C-1 | Books |